Metódy merania inflácie v SR a vo svete bakalárska práca

Enregistré dans:
Détails bibliographiques
Auteur principal: Spišáková, Petra
Collectivité auteur: Fakulta hospodárskej informatiky EU. Katedra účtovníctva a audítorstva
Autres auteurs: König, Brian, 1983-
Format: Livre
Langue:slovaque
Publié: Bratislava 2009
Tags: Ajouter un tag
Pas de tags, Soyez le premier à ajouter un tag!

MARC

LEADER 00000nam$a2200000$$$4500
001 0102269
005 20240318134725.1
041 0 |a slo 
044 |a SK 
245 1 0 |a Metódy merania inflácie v SR a vo svete  |b bakalárska práca  |c Petra Spišáková ; škol. Brian König 
264 1 |a Bratislava  |c 2009 
300 |a 33 s. 
100 1 |a Spišáková, Petra 
700 1 |a König, Brian, 1983- 
710 2 |a Fakulta hospodárskej informatiky EU. Katedra účtovníctva a audítorstva